000
00323nam a2200133Ia 4500
008
230818s2000 xx 000 0 und d
041
_a
eng
100
_a
Branson
245
_a
Hotel and Hostel House Keeping
260
_b
Hodder & stoughton
_c
2000
300
_a
307p
520
_a
General
999
_c
851766
_d
851766
650
_a
Hotel Housekeeping